000
00327nam a2200145Ia 4500
008
230718s9999 xx 000 0 und d
041
_a
Eng.
082
_a
634.44
_b
RIG-P
100
_a
Rigui Aatir
245
0
_a
Police older 2002
260
_a
Pakistan
_b
Iman low book
_c
2009
300
_a
156
650
_a
Law
999
_c
26554
_d
26554